Quiz sur Miraculous 2 - Statistiques

Statistiques générales
  • Ce quiz a été pris 40 fois
  • Le résultat moyen est 5 sur 12
Statistiques - réponses
Question Réponse % Correct
Quel lucky charm n'a pas été invoqué par Bugnoire dans le combat contre Monarque ? Téléphone
74%
Quel animal lié à un miraculous n'est jamais apparu dans la série ? Coq
61%
Quel temps fera-t-il à Paris le 14 juillet, 200 ans après les évènements de Réunion ? Orageux
58%
En saison 2 (sans compter les akumatisations par le Papillon Écarlate) ? 3
55%
De quelle couleur sont les yeux d'Alix Kubdel ? Bleu
52%
En saison 5 ? 5
48%
Dans Kung Food, qui utilise une arbalète à fromage pour combattre Ladybug et Chat Noir ? Alec Cataldi
35%
En saison 4 ? 10
26%
Qui est Félix pour Gabrielle ? Le petit-fils du père de sa belle-fille
26%
Quel personnage n'a pas été akumatisé dans le jeu Rise of the Sphinx ? Le Sphinx
19%
Combien d'actuels porteurs de Miraculous furent akumatisés en saison 1 ? (2026) 12
16%
En saison 3 ? 10
0%
Aucun quiz correspondant
Distribution des résultats
% des personnes avec chaque résultat
Percentile par nombre de réponses
Votre historique - résultats
Vous n’avez pas pris ce quiz